A handbook of pet care and management / (Record no. 82431)

MARC details
000 -LEADER
fixed length control field 00789nam a22002177a 4500
005 - DATE AND TIME OF LATEST TRANSACTION
control field 20140812162213.0
010 ## - LCCN (DPL NO)
LC control number B-495861-866 ENG-110505
020 ## - INTERNATIONAL STANDARD BOOK NUMBER
International Standard Book Number 9789381226070
Terms of availability 950.00
035 ## - SYSTEM CONTROL NUMBER
System control number B-495861-866
035 ## - SYSTEM CONTROL NUMBER
System control number EN-94037
037 ## - SOURCE OF ACQUISITION
Stock number dpl
Source of stock number/acquisition Allied Pub/Ven
037 ## - SOURCE OF ACQUISITION
Source of stock number/acquisition DBAD/PUB
082 ## - DEWEY DECIMAL CLASSIFICATION NUMBER
Classification number 636.0887
100 ## - MAIN ENTRY--PERSONAL NAME
Personal name Amita Ranjan
245 ## - TITLE STATEMENT
Title A handbook of pet care and management /
Statement of responsibility, etc by Amita Ranjan
260 ## - PUBLICATION, DISTRIBUTION, ETC. (IMPRINT)
Place of publication, distribution, etc Delhi
Name of publisher, distributor, etc Satish Serial Publishing House
Date of publication, distribution, etc 2012
270 ## - ADDRESS
Address 403, Express Tower, Commercial Complex, Azadpur
City Delhi
Postal code 110033
300 ## - PHYSICAL DESCRIPTION
Extent viii,169p. :
Dimensions 24cm(Hb)
Other physical details col.ill.
942 ## - ADDED ENTRY ELEMENTS (KOHA)
Source of classification or shelving scheme Dewey Decimal Classification
Item type English Books
Classification part 636.0887
Call number suffix AMI
Holdings
Withdrawn status Lost status Not for loan Collection code Home library Current library Date acquired Source of acquisition Cost, normal purchase price Full call number Barcode Copy number Cost, replacement price Koha item type
      Non-fiction Bawana Bawana 11/02/2014 Allied Pub/DE/2012CR/0001881/12.3.2013/167/8.3.2013/16.3.2013 950.00 636.0887 RAN B-495864 1 950.00 English Books
    Not For Loan Non-fiction D.B.Act.Division D.B.Act.Division 16/07/2014 DBAD/PUB 950.00 636.0887 AMI EN-94037 1 950.00 English Books
      Non-fiction Janak Puri Janak Puri 11/02/2014 Allied Pub/DE/2012CR/0001881/12.3.2013/167/8.3.2013/16.3.2013 950.00 636.0887 RAN B-495863 1 950.00 English Books
      Non-fiction Kasturba Gandhi Marg Kasturba Gandhi Marg 11/02/2014 Allied Pub/DE/2012CR/0001881/12.3.2013/167/8.3.2013/16.3.2013 950.00 636.0887 RAN B-495862 1 950.00 English Books
      Non-fiction Narela Narela 11/02/2014 Allied Pub/DE/2012CR/0001881/12.3.2013/167/8.3.2013/16.3.2013 950.00 636.0887 RAN B-495865 1 950.00 English Books
      Non-fiction Patel Nagar Patel Nagar 11/02/2014 Allied Pub/DE/2012CR/0001881/12.3.2013/167/8.3.2013/16.3.2013 950.00 636.0887 RAN B-495861 1 950.00 English Books
      Non-fiction Shahdara Branch Shahdara Branch 11/02/2014 Allied Pub/DE/2012CR/0001881/12.3.2013/167/8.3.2013/16.3.2013 950.00 636.0887 RAN B-495866 1 950.00 English Books

© Delhi Public Library
Hit Counter
free hit counter